[Event "St Petersburg Autumn op"]
[Site "St Petersburg"]
[Date "2011.10.29"]
[Round "2"]
[White "Smirnov, Leonid G"]
[Black "Shakirova, Renata"]
[Result "1-0"]
[WhiteElo "1908"]
[BlackElo "1649"]
[PlyCount "87"]
[EventDate "2011.10.28"]
[EventType "swiss"]
[EventRounds "9"]
[EventCountry "RUS"]
[SourceTitle "EXT 2013"]
[Source "ChessBase"]
[SourceDate "2012.11.22"]
[SourceVersion "1"]
[SourceVersionDate "2012.11.22"]
[SourceQuality "1"]

1. e4 c5 2. f4 d6 3. Nf3 Nf6 4. Bb5+ Bd7 5. Qe2 Nc6 6. c3 g6 7. 0-0 Qb6 8. Na3 Bg7 9. Nc4 Qc7 10. e5 dxe5 11. fxe5 Nd5 12. Nd6+ Kf8 13. Nxf7 Kxf7 14. e6+ Ke8 15. exd7+ Kxd7 16. Ng5 Be5 17. Qg4+ Ke8 18. g3 Qd7 19. Qxd7+ Kxd7 20. Bxc6+ Kxc6 21. Nf7 Bf6 22. Nxh8 Rxh8 23. d3 b5 24. a4 b4 25. c4 Bd4+ 26. Kg2 Nf6 27. Rb1 b3 28. Bd2 Ng4 29. Bf4 Ne3+ 30. Bxe3 Bxe3 31. Rbe1 Bg5 32. Re6+ Kd7 33. Re5 Bf6 34. Rxc5 a6 35. d4 Rc8 36. Rxc8 Kxc8 37. Rxf6 exf6 38. Kf3 Kd7 39. Ke4 h6 40. Kd5 f5 41. Ke5 Ke7 42. c5 Kd7 43. d5 Kc7 44. Kf6 1-0

[Event "St Petersburg Chigorin CC-ch"]
[Site "St Petersburg"]
[Date "2009.05.29"]
[Round "9"]
[White "Utkin, Alexander"]
[Black "Smirnov, Leonid G"]
[Result "1/2-1/2"]
[WhiteElo "2184"]
[BlackElo "1943"]
[PlyCount "120"]
[EventDate "2009.05.19"]
[EventType "swiss"]
[EventRounds "9"]
[EventCountry "RUS"]
[SourceTitle "CBM 130 Extra"]
[Source "ChessBase"]
[SourceDate "2009.07.02"]
[SourceVersion "2"]
[SourceVersionDate "2009.07.15"]
[SourceQuality "1"]

1. d4 c6 2. c4 g6 3. Nf3 Bg7 4. e4 d6 5. Nc3 Qc7 6. g3 Bg4 7. Bg2 e5 8. Be3 Ne7 9. h3 Bxf3 10. Bxf3 b6 11. Bg2 Nd7 12. 0-0 Rd8 13. f4 0-0 14. d5 cxd5 15. cxd5 f5 16. Nb5 Qb8 17. Qa4 fxe4 18. Rad1 Nf5 19. Rfe1 Nxe3 20. Rxe3 exf4 21. gxf4 Nc5 22. Qa3 a6 23. Nd4 Bxd4 24. Rxd4 Rxf4 25. b4 Nd7 26. Qxa6 Qa8 27. Ra3 Qxa6 28. Rxa6 Re8 29. Ra7 Ne5 30. Rxe4 Nf3+ 31. Bxf3 Rfxe4 32. Bxe4 Rxe4 33. a3 b5 34. Ra5 Re3 35. Kg2 Kf7 36. Rxb5 Rxa3 37. Rb7+ Kf6 38. Rxh7 Rb3 39. Rb7 Ke5 40. Rb5 Kd4 41. h4 Kc4 42. Rb8 Kxd5 43. b5 Kc5 44. Rg8 Rxb5 45. Kg3 d5 46. Rxg6 Kc4 47. Rc6+ Kd3 48. Kg4 d4 49. h5 Ke3 50. Re6+ Kf2 51. Rf6+ Ke2 52. Re6+ Kf2 53. Rd6 Ke3 54. h6 Rb7 55. Kg5 Rh7 56. Re6+ Kf2 57. Kg6 Rxh6+ 58. Kxh6 d3 59. Rd6 Ke2 60. Rxd3 Kxd3 1/2-1/2

[Event "St Petersburg Chigorin CC-ch"]
[Site "St Petersburg"]
[Date "2009.05.28"]
[Round "8"]
[White "Smirnov, Leonid G"]
[Black "Pischikov, Vadim"]
[Result "1-0"]
[WhiteElo "1943"]
[BlackElo "1950"]
[PlyCount "83"]
[EventDate "2009.05.19"]
[EventType "swiss"]
[EventRounds "9"]
[EventCountry "RUS"]
[SourceTitle "CBM 130 Extra"]
[Source "ChessBase"]
[SourceDate "2009.07.02"]
[SourceVersion "2"]
[SourceVersionDate "2009.07.15"]
[SourceQuality "1"]

1. d4 d5 2. c3 h6 3. Nd2 Nf6 4. f3 c5 5. e3 e6 6. Bd3 Nc6 7. f4 Bd6 8. Ndf3 0-0 9. Ne2 c4 10. Bb1 b5 11. Ng3 b4 12. 0-0 Qc7 13. Ne5 a5 14. Nh5 Nxh5 15. Qxh5 f5 16. g4 Bxe5 17. fxe5 Qf7 18. Qxf7+ Rxf7 19. gxf5 exf5 20. Bc2 Be6 21. Ba4 Ne7 22. Bd2 g5 23. Rf2 Ng6 24. Bd1 Rb7 25. Ba4 Rg7 26. Bc2 bxc3 27. Bxc3 Nh4 28. Raf1 g4 29. Kh1 Rf7 30. a4 h5 31. Bd1 Kf8 32. Be1 Ke7 33. Rc2 Ng6 34. b4 axb4 35. Bxb4+ Kd7 36. a5 f4 37. exf4 Rxf4 38. Rcf2 Rxd4 39. Ba4+ Kc7 40. Bd6+ Kb7 41. Rb1+ Kc8 42. Bc6 1-0

[Event "St Petersburg White Nights op"]
[Site "St Petersburg"]
[Date "2007.07.02"]
[Round "8"]
[White "Smirnov, Leonid G"]
[Black "Kudriavtsev, Yury"]
[Result "1/2-1/2"]
[WhiteElo "2011"]
[BlackElo "1937"]
[PlyCount "100"]
[EventDate "2007.06.25"]
[EventType "swiss"]
[EventRounds "9"]
[EventCountry "RUS"]
[SourceTitle "CBM 119 Extra"]
[Source "ChessBase"]
[SourceDate "2007.09.04"]
[SourceVersion "1"]
[SourceVersionDate "2007.09.04"]
[SourceQuality "1"]

1. Nf3 d5 2. c4 e6 3. e3 c6 4. b3 Nf6 5. Bb2 Be7 6. Be2 Nbd7 7. 0-0 0-0 8. Qc2 b6 9. d3 Bb7 10. Nbd2 Rc8 11. h3 c5 12. Rfe1 Re8 13. g4 Qc7 14. d4 cxd4 15. Nxd4 dxc4 16. bxc4 Nc5 17. Bf3 Bxf3 18. N4xf3 Qb7 19. e4 Red8 20. e5 Ne8 21. Re3 Rd7 22. Ne4 Nxe4 23. Rxe4 Rcd8 24. Rae1 Nc7 25. g5 Na6 26. h4 Nc5 27. R4e3 Nd3 28. Rd1 Nb4 29. Rxd7 Qxd7 30. Qb3 Bc5 31. Re2 Qd1+ 32. Qxd1 Rxd1+ 33. Kg2 Nxa2 34. Rd2 Rxd2 35. Nxd2 Nb4 36. Ne4 Nd3 37. Bc3 a5 38. Kf3 a4 39. Ke2 Nc1+ 40. Kd2 Nb3+ 41. Kc2 Nd4+ 42. Kb2 Nf5 43. Nxc5 bxc5 44. h5 h6 45. gxh6 gxh6 46. Ka3 Ng7 47. Bd2 Kh7 48. Be3 Nxh5 49. Kxa4 Ng7 50. Kb5 Nf5 1/2-1/2

[Event "St Petersburg White Nights op"]
[Site "St Petersburg"]
[Date "2007.06.30"]
[Round "6"]
[White "Smirnov, Leonid G"]
[Black "Guzenko, Artem"]
[Result "0-1"]
[WhiteElo "2011"]
[BlackElo "2162"]
[PlyCount "66"]
[EventDate "2007.06.25"]
[EventType "swiss"]
[EventRounds "9"]
[EventCountry "RUS"]
[SourceTitle "CBM 119 Extra"]
[Source "ChessBase"]
[SourceDate "2007.09.04"]
[SourceVersion "1"]
[SourceVersionDate "2007.09.04"]
[SourceQuality "1"]

1. e4 c5 2. d3 e6 3. g3 b6 4. Bg2 Bb7 5. f4 d6 6. Nf3 Nd7 7. 0-0 Be7 8. Nc3 a6 9. a4 Ngf6 10. Ne1 Qc7 11. b3 0-0 12. Bb2 Rad8 13. g4 Qb8 14. g5 Ne8 15. Qg4 Qc8 16. Nf3 f5 17. exf5 exf5 18. Qh3 d5 19. Rae1 Bd6 20. Ne5 Nxe5 21. fxe5 Be7 22. e6 d4 23. Nd1 g6 24. Qh6 Bxg2 25. Kxg2 Rd6 26. Bc1 Ng7 27. Rf3 Rxe6 28. Rh3 Rxe1 29. Qxh7+ Kf7 30. Bf4 Qa8+ 31. Kf2 Qh1 32. Rh6 Qg1+ 33. Kf3 Rf1+ 0-1

[Event "St Petersburg Autumn op"]
[Site "St Petersburg"]
[Date "2006.11.04"]
[Round "5"]
[White "Bogdanov, Andrei"]
[Black "Smirnov, Leonid G"]
[Result "1/2-1/2"]
[WhiteElo "2093"]
[BlackElo "2022"]
[PlyCount "53"]
[EventDate "2006.10.31"]
[EventType "swiss"]
[EventRounds "9"]
[EventCountry "RUS"]
[SourceTitle "EXT 2007"]
[Source "ChessBase"]
[SourceDate "2006.11.23"]
[SourceVersion "1"]
[SourceVersionDate "2006.11.23"]
[SourceQuality "1"]

1. e4 e6 2. Nc3 c5 3. g3 Nc6 4. Bg2 Nf6 5. d3 d6 6. f4 e5 7. f5 h6 8. g4 Nd4 9. g5 hxg5 10. Bxg5 Be7 11. Nf3 Nxf3+ 12. Qxf3 Bd7 13. h4 Bc6 14. h5 Qb6 15. Bxf6 Bxf6 16. Nd1 0-0-0 17. c4 Qb4+ 18. Kf2 Qd2+ 19. Qe2 Qf4+ 20. Qf3 Rh6 21. Ne3 Rdh8 22. Ng4 Qd2+ 23. Qe2 Qxe2+ 24. Kxe2 Rxh5 25. Rxh5 Rxh5 26. Nxf6 gxf6 27. Rh1 1/2-1/2

[Event "St Petersburg Autumn op"]
[Site "St Petersburg"]
[Date "2006.11.01"]
[Round "2"]
[White "Smirnov, Leonid G"]
[Black "Korennoi, Viktor"]
[Result "0-1"]
[WhiteElo "2022"]
[BlackElo "2199"]
[PlyCount "160"]
[EventDate "2006.10.31"]
[EventType "swiss"]
[EventRounds "9"]
[EventCountry "RUS"]
[SourceTitle "EXT 2007"]
[Source "ChessBase"]
[SourceDate "2006.11.23"]
[SourceVersion "1"]
[SourceVersionDate "2006.11.23"]
[SourceQuality "1"]

1. d4 Nf6 2. c3 e6 3. g3 c5 4. Nf3 Nc6 5. Bg2 Be7 6. 0-0 0-0 7. dxc5 Bxc5 8. Bg5 h6 9. Bxf6 Qxf6 10. Nbd2 d5 11. Nb3 Bb6 12. e3 Rd8 13. Qe2 Bd7 14. Rfd1 Rac8 15. Rd2 Ne7 16. Rad1 Rc4 17. Ne1 Bb5 18. Qf3 Rcc8 19. Qxf6 gxf6 20. Bf1 Be8 21. c4 dxc4 22. Rxd8 Bxd8 23. Bxc4 Ng6 24. Be2 Ne5 25. f4 Nc6 26. Rc1 Bb6 27. Kf2 Rb8 28. Nd3 Ne7 29. Ndc5 Bc6 30. Nd4 Rc8 31. Ndb3 a5 32. a4 Nd5 33. Bc4 Bxa4 34. Bxd5 Bxb3 35. Nxb3 Rxc1 36. Nxc1 exd5 37. Ke2 f5 38. Kd3 Kf8 39. Na2 Ke7 40. b3 Kd6 41. Nc3 Kc6 42. Na2 Bc5 43. Nc3 Be7 44. Ne2 Bf6 45. Nc1 Kb5 46. Na2 Kc5 47. Kc2 b6 48. Kd3 Kb5 49. Kc2 Kc5 50. Kd3 h5 51. Kc2 b5 52. Kd3 Bg7 53. h3 Bf6 54. b4+ axb4 55. Nc1 h4 56. Nb3+ Kd6 57. gxh4 Ke7 58. h5 Bc3 59. Nc5 Kf6 60. Nd7+ Kg7 61. Nc5 Kh6 62. Nb3 Kxh5 63. Ke2 Kh4 64. Kf3 Kxh3 65. Ke2 Kg3 66. Kd3 Kf2 67. Nc5 Ke1 68. Nd7 Kd1 69. Nc5 Kc1 70. Nb3+ Kb2 71. Nc5 Kc1 72. Nb3+ Kb2 73. Nc5 Bg7 74. Kd2 Bf8 75. Nd3+ Ka2 76. Nc1+ Kb1 77. Nb3 Kb2 78. Nc1 b3 79. Nd3+ Ka1 80. Kc1 b2+ 0-1

[Event "St Petersburg Autumn op"]
[Site "St Petersburg"]
[Date "2006.10.31"]
[Round "1"]
[White "Nadjezhdin, Dmitry"]
[Black "Smirnov, Leonid G"]
[Result "1-0"]
[WhiteElo "2238"]
[BlackElo "2022"]
[PlyCount "103"]
[EventDate "2006.10.31"]
[EventType "swiss"]
[EventRounds "9"]
[EventCountry "RUS"]
[SourceTitle "EXT 2007"]
[Source "ChessBase"]
[SourceDate "2006.11.23"]
[SourceVersion "1"]
[SourceVersionDate "2006.11.23"]
[SourceQuality "1"]

1. c4 c6 2. d4 d5 3. Nf3 Nf6 4. e3 Bg4 5. Nc3 e6 6. h3 Bxf3 7. gxf3 dxc4 8. Bxc4 Nbd7 9. f4 Nb6 10. Bd3 g6 11. b3 Nbd5 12. Nxd5 Qxd5 13. 0-0 Qh5 14. Kg2 Be7 15. Bb2 0-0 16. Be2 Qh4 17. Bf3 Rfd8 18. Qe2 Rd7 19. Kh2 Bd6 20. Rg1 Rad8 21. Rad1 Bb8 22. Ba1 h6 23. Kg2 Kh7 24. Rd3 Rg8 25. Qc2 h5 26. Rh1 Kh6 27. Kf1 Nd5 28. Rd1 f5 29. Ke2 Rdg7 30. Rhg1 Bd6 31. Rg3 Qd8 32. Bc3 Nxc3+ 33. Qxc3 g5 34. Rdg1 g4 35. hxg4 fxg4 36. Be4 Qb6 37. Qc4 Qb5 38. Qxb5 cxb5 39. Rc1 Be7 40. Rgg1 Bd8 41. Rc5 a6 42. Re5 Re8 43. d5 Bf6 44. Rxe6 Rxe6 45. dxe6 Re7 46. Bf5 Rg7 47. Rc1 h4 48. Rc8 Re7 49. Bxg4 Kg6 50. f5+ Kh7 51. f4 b4 52. e4 1-0

[Event "St Petersburg Chigorin CC-ch"]
[Site "St Petersburg"]
[Date "2005.05.24"]
[Round "8"]
[White "Smirnov, Leonid G"]
[Black "Butylkin, Alexey"]
[Result "0-1"]
[WhiteElo "2000"]
[BlackElo "2181"]
[PlyCount "114"]
[EventDate "2005.05.16"]
[EventType "swiss"]
[EventRounds "9"]
[EventCountry "RUS"]
[SourceTitle "EXT 2006"]
[Source "ChessBase"]
[SourceDate "2005.11.24"]
[SourceVersion "1"]
[SourceVersionDate "2005.11.24"]
[SourceQuality "1"]

1. d4 d5 2. c3 e6 3. g3 f5 4. h4 Nf6 5. Nf3 Bd6 6. b3 0-0 7. e3 Ne4 8. Qc2 Nd7 9. Ba3 Bxa3 10. Nxa3 Qe7 11. Nb1 Ndf6 12. Rg1 Ng4 13. Rg2 Qd6 14. Ne5 Nxe5 15. dxe5 Qxe5 16. f4 Qf6 17. Bd3 Nd6 18. Nd2 c5 19. Nf3 b5 20. Ne5 Rd8 21. Be2 Bb7 22. Rg1 Rac8 23. Rd1 a6 24. Bf3 Nf7 25. Nxf7 Qxf7 26. Qg2 c4 27. bxc4 Rxc4 28. Qb2 Qf6 29. Rd4 Rdc8 30. Kd2 Qe7 31. Rc1 b4 32. Rxc4 dxc4 33. Bxb7 Qxb7 34. cxb4 Rd8+ 35. Kc3 Rd3+ 36. Kc2 c3 37. Qb3 Qe4 38. Kb1 Rd1+ 39. Qc2 Rxc1+ 40. Kxc1 Qxe3+ 41. Kd1 Qf3+ 42. Ke1 Qxg3+ 43. Ke2 Qg2+ 44. Kd3 Qf3+ 45. Kc4 Qxf4+ 46. Kxc3 Qxh4 47. Qe2 Qg3+ 48. Kb2 Qd6 49. Qc4 Kf7 50. a4 g5 51. b5 axb5 52. Qxb5 g4 53. a5 g3 54. Qb7+ Kg6 55. a6 Qd2+ 56. Kb3 g2 57. Qc8 Qe3+ 0-1

[Event "St Petersburg op"]
[Site "St Petersburg"]
[Date "2003.??.??"]
[Round "3"]
[White "Ivanov, Alexey2222"]
[Black "Smirnov, Leonid G"]
[Result "1-0"]
[WhiteElo "2257"]
[BlackElo "2101"]
[PlyCount "103"]
[EventDate "2003.??.??"]
[EventType "swiss"]
[EventRounds "9"]
[EventCountry "RUS"]
[SourceTitle "EXT 2005"]
[Source "ChessBase"]
[SourceDate "2004.11.15"]
[SourceVersion "1"]
[SourceVersionDate "2004.11.15"]
[SourceQuality "1"]

1. e4 e5 2. Nf3 Nc6 3. Bb5 Nf6 4. 0-0 Nxe4 5. d4 Nd6 6. Bxc6 dxc6 7. dxe5 Nf5 8. Nbd2 Be6 9. b3 Be7 10. Bb2 Qd5 11. Qe2 c5 12. Rad1 Qc6 13. Ne4 h6 14. c4 0-0 15. Nfd2 Rad8 16. f4 Bc8 17. Nf3 Rxd1 18. Rxd1 Qg6 19. Nc3 Nd4 20. Nxd4 cxd4 21. Nd5 Bh4 22. Rxd4 Qb1+ 23. Rd1 Qxa2 24. Qc2 c6 25. Ra1 Bf5 26. Qc3 Qxa1+ 27. Bxa1 cxd5 28. g3 Be7 29. cxd5 Rc8 30. Qe1 Rc2 31. d6 Bd8 32. Bd4 b6 33. g4 Bxg4 34. Qg3 h5 35. h3 Be6 36. f5 Bd5 37. e6 Rg2+ 38. Qxg2 Bxg2 39. Kxg2 fxe6 40. fxe6 Bg5 41. Kf3 Kf8 42. Ke4 Bh4 43. Kd5 g6 44. Kc6 Ke8 45. Be5 Bd8 46. e7 Bxe7 47. dxe7 Kxe7 48. Bb8 g5 49. Bxa7 g4 50. hxg4 h4 51. Bxb6 h3 52. Bc7 1-0